[Event "45 MFSz im. A.Rubinsteina - B"]
[Site "Polanica Zdroj"]
[Date "2009.08.18"]
[Round "1.3"]
[White "Szadkowski, Kamil"]
[Black "Cukrowski, Filip"]
[Result "0-1"]
[WhiteElo "2167"]
[BlackElo "1854"]
[PlyCount "104"]
[EventDate "2009.??.??"]

1. e4 c5 2. Nf3 d6 3. d4 cxd4 4. Nxd4 Nf6 5. Nc3 a6 6. Bg5 e6 7. Qf3 Nbd7 8.
O-O-O Qc7 9. Be2 b5 10. Rhe1 b4 11. Nb1 Bb7 12. Bd3 O-O-O 13. Bd2 Ne5 14. Qe2
Nxd3+ 15. Qxd3 d5 16. exd5 Rxd5 17. Be3 Kb8 18. Qb3 Bc5 19. c4 Rd7 20. Nc2
Bxe3+ 21. Nxe3 a5 22. a3 Rxd1+ 23. Rxd1 Nd5 24. Nxd5 exd5 25. axb4 dxc4 26. Qa4
Qxh2 27. bxa5 Qxg2 28. Nc3 Qc6 29. Qb4 Rc8 30. Rd6 Qc5 31. Qxc5 Rxc5 32. a6 Bc8
33. Nd5 Bxa6 34. Kd2 Bb7 35. Ne3 Kc7 36. Rd4 h5 37. Kc3 g5 38. Kb4 Rc6 39. Nxc4
Rf6 40. Rd2 h4 41. Ne3 h3 42. Nf1 g4 43. Nh2 Rf4+ 44. Kc5 f5 45. b4 Re4 46. b5
Re5+ 47. Kb4 Re1 48. Rc2+ Kb6 49. Rd2 Re4+ 50. Kc3 Kxb5 51. Rb2+ Kc6 52. f3 Rf4
0-1

[Event "45 MFSz im. A.Rubinsteina - B"]
[Site "Polanica Zdroj"]
[Date "2009.08.18"]
[Round "1.8"]
[White "Pac, Maciej"]
[Black "Witek, Tomasz"]
[Result "0-1"]
[WhiteElo "1830"]
[BlackElo "2138"]
[PlyCount "56"]
[EventDate "2009.??.??"]

1. e4 e6 2. d4 d5 3. Nd2 Nf6 4. e5 Nfd7 5. f4 c5 6. c3 Nc6 7. Ndf3 cxd4 8. cxd4
Bb4+ 9. Kf2 f6 10. g3 Qb6 11. Kg2 g5 12. fxg5 fxe5 13. dxe5 Ndxe5 14. Bd3 Bd7
15. Qe2 Nxd3 16. Qxd3 e5 17. Be3 d4 18. Bf2 O-O-O 19. a3 Bd6 20. b4 Kb8 21. b5
Ne7 22. a4 Rhf8 23. Nxd4 Rxf2+ 24. Kxf2 Bf5 25. Qd2 exd4 26. Nf3 d3+ 27. Kg2
Nd5 28. Rhe1 Bb4 0-1

[Event "45 MFSz im. A.Rubinsteina - B"]
[Site "Polanica Zdroj"]
[Date "2009.08.18"]
[Round "1.9"]
[White "Kowalczyk, Pawel"]
[Black "Kowara, Magdalena"]
[Result "1-0"]
[WhiteElo "2103"]
[BlackElo "1826"]
[PlyCount "65"]
[EventDate "2009.??.??"]

1. d4 d5 2. c4 e6 3. Nc3 Nf6 4. Nf3 h6 5. g3 b6 6. cxd5 exd5 7. Bg2 c6 8. O-O
Bd6 9. Qc2 O-O 10. Bf4 Re8 11. Rad1 Bg4 12. Ne5 Bh5 13. h4 Ng4 14. Qf5 Nf6 15.
Rfe1 Bxe5 16. dxe5 Bg6 17. Qh3 Nfd7 18. h5 Bh7 19. e4 dxe4 20. Nxe4 Bxe4 21.
Bxe4 Qe7 22. Rd6 Nc5 23. Qg4 Ne6 24. Bxh6 Kf8 25. Bh7 Qc7 26. Be3 Nd7 27. f4
Rad8 28. h6 gxh6 29. Qg8+ Ke7 30. Rxe6+ Kxe6 31. f5+ Ke7 32. f6+ Nxf6 33. exf6+
1-0

[Event "45 MFSz im. A.Rubinsteina - B"]
[Site "Polanica Zdroj"]
[Date "2009.08.18"]
[Round "1.10"]
[White "Labuda, Michal"]
[Black "Tomsia, Kamil"]
[Result "0-1"]
[WhiteElo "1816"]
[BlackElo "2103"]
[PlyCount "74"]
[EventDate "2009.??.??"]

1. e4 c5 2. Nf3 Nc6 3. d4 cxd4 4. Nxd4 Nf6 5. Nc3 d6 6. Bg5 e6 7. Qd2 a6 8.
O-O-O Bd7 9. f4 b5 10. Nxc6 Bxc6 11. e5 dxe5 12. Qxd8+ Rxd8 13. Rxd8+ Kxd8 14.
fxe5 h6 15. Bh4 g5 16. Bf2 Nd7 17. h4 g4 18. Bd4 Bg7 19. Be2 Bxe5 20. Rd1 Bxd4
21. Rxd4 h5 22. g3 Ke7 23. a4 bxa4 24. Bxa6 Ra8 25. Bb5 Bxb5 26. Nxb5 f5 27.
Kb1 Nf6 28. Nc3 e5 29. Rc4 Kd6 30. Nxa4 Ne4 31. Kc1 Nxg3 32. Nb6 Ra1+ 33. Kd2
Ne4+ 34. Ke2 g3 35. Rxe4 fxe4 36. Nc4+ Ke6 37. Ne3 Rh1 0-1

[Event "45 MFSz im. A.Rubinsteina - B"]
[Site "Polanica Zdroj"]
[Date "2009.08.18"]
[Round "1.11"]
[White "Szadkowski, Krzysztof"]
[Black "Malec, Robert"]
[Result "1-0"]
[WhiteElo "2100"]
[BlackElo "1810"]
[PlyCount "51"]
[EventDate "2009.??.??"]

1. e4 c5 2. Nf3 Nc6 3. c3 d5 4. exd5 Qxd5 5. d4 Bg4 6. Be2 cxd4 7. cxd4 e6 8.
Nc3 Qd8 9. O-O Nf6 10. h3 Bh5 11. Bb5 Rc8 12. g4 Bg6 13. Ne5 Be7 14. Qa4 Qc7
15. Bf4 Qb6 16. Be3 Nd5 17. Nxd5 exd5 18. Rac1 a6 19. Bxc6+ bxc6 20. Nxc6 Qb5
21. Qxb5 axb5 22. Na7 Rb8 23. Bf4 Ra8 24. Rc7 Bd8 25. Re1+ Kf8 26. Bd6+ 1-0

[Event "45 MFSz im. A.Rubinsteina - B"]
[Site "Polanica Zdroj"]
[Date "2009.08.18"]
[Round "1.12"]
[White "Prazmowski, Bartosz"]
[Black "Klepaczka, Tomasz"]
[Result "0-1"]
[WhiteElo "1807"]
[BlackElo "2085"]
[PlyCount "106"]
[EventDate "2009.??.??"]

1. d4 d5 2. c4 e6 3. Nc3 Nf6 4. cxd5 exd5 5. Bg5 Be7 6. e3 c6 7. Bd3 O-O 8.
Nge2 Nbd7 9. O-O Re8 10. Qd2 h6 11. Bf4 Nh5 12. Rac1 Nxf4 13. Nxf4 Bd6 14. Nfe2
Qe7 15. Ng3 Qh4 16. f4 Nf6 17. Rf3 Bg4 18. Nf5 Bxf5 19. Bxf5 Ne4 20. Bxe4 dxe4
21. Rh3 Qe7 22. a3 Rad8 23. Rh5 Kh7 24. Rf1 g6 25. Rh3 c5 26. f5 Bc7 27. Qf2 g5
28. f6 Qe6 29. Qf5+ Qxf5 30. Rxf5 cxd4 31. Rxg5 Rg8 32. Rxg8 Kxg8 33. exd4 Bb6
34. Kf1 Bxd4 35. Nxe4 Re8 36. Rg3+ Kf8 37. Nd6 Be5 38. Nxe8 Bxg3 39. hxg3 Kxe8
40. Ke2 Kd7 41. Kd3 Ke6 42. Ke4 Kxf6 43. Kd5 Kf5 44. Kd6 Kg4 45. b4 Kxg3 46. b5
Kxg2 47. Kc7 b6 48. Kb7 f5 49. Kxa7 f4 50. Kxb6 f3 51. Ka7 f2 52. b6 f1=Q 53.
a4 Qa1 0-1

[Event "45 MFSz im. A.Rubinsteina - B"]
[Site "Polanica Zdroj"]
[Date "2009.08.18"]
[Round "1.15"]
[White "Usatiuk, Igor"]
[Black "Zak, Pawel"]
[Result "1-0"]
[WhiteElo "2061"]
[BlackElo "1792"]
[PlyCount "109"]
[EventDate "2009.??.??"]

1. d4 f5 2. g3 Nf6 3. Bg2 g6 4. c3 Bg7 5. Qb3 d5 6. Nh3 O-O 7. Bf4 c6 8. Be5
Ng4 9. f4 Ne3 10. Bf3 h6 11. Nd2 Nd7 12. c4 Nxc4 13. Nxc4 dxc4 14. Qxc4+ Kh7
15. O-O Qb6 16. Nf2 Qxb2 17. Rab1 Qa3 18. Rfd1 Nb6 19. Qc2 Be6 20. Bxg7 Kxg7
21. d5 Bxd5 22. Bxd5 cxd5 23. Qc7 Rab8 24. Nd3 Qd6 25. Qc3+ Kh7 26. Qa5 Ra8 27.
Ne5 Rfc8 28. Rbc1 Rxc1 29. Rxc1 Rc8 30. Rc3 Rxc3 31. Qxc3 Nd7 32. Nd3 Qc6 33.
Qa3 Qd6 34. Qxa7 Qa6 35. Qxa6 bxa6 36. Nb4 Nc5 37. Nxd5 e6 38. Nb6 Kg7 39. Nc4
Kf6 40. Kf2 g5 41. Ke3 gxf4+ 42. gxf4 Nd7 43. Kd4 Kg6 44. Ne5+ Nxe5 45. Kxe5
Kf7 46. Kd6 Kf6 47. a4 h5 48. h4 Kf7 49. a5 Kf6 50. e3 Kf7 51. Kc6 Ke7 52. Kb6
Kd6 53. Kxa6 Kc6 54. Ka7 Kc7 55. a6 1-0

[Event "45 MFSz im. A.Rubinsteina - B"]
[Site "Polanica Zdroj"]
[Date "2009.08.18"]
[Round "1.16"]
[White "Kozera, Aleksandra"]
[Black "Gromczak, Dariusz"]
[Result "0-1"]
[WhiteElo "1788"]
[BlackElo "2057"]
[PlyCount "76"]
[EventDate "2009.??.??"]

1. e4 c5 2. Nf3 Nc6 3. d4 cxd4 4. Nxd4 Nf6 5. Nc3 g6 6. Be3 Bg7 7. Bc4 O-O 8.
Bb3 d6 9. f3 Bd7 10. Qd2 a5 11. g4 a4 12. Nxc6 Bxc6 13. Bc4 Qa5 14. a3 b5 15.
Bd3 b4 16. Ne2 bxa3 17. Rxa3 Rfb8 18. Bd4 Nd7 19. h4 Ne5 20. Rh3 Nxd3+ 21. cxd3
Qxd2+ 22. Kxd2 Bxd4 23. Nxd4 Rxb2+ 24. Kc3 Rb6 25. Nxc6 Rxc6+ 26. Kd4 e5+ 27.
Ke3 Rc2 28. Rh1 Rb2 29. g5 f5 30. gxf6 Kf7 31. f4 exf4+ 32. Kxf4 Kxf6 33. d4
Rb4 34. Ke3 Rc8 35. Rf1+ Ke6 36. Rd3 Rc2 37. Rf2 Rxf2 38. Kxf2 Rb2+ 0-1

[Event "45 MFSz im. A.Rubinsteina - B"]
[Site "Polanica Zdroj"]
[Date "2009.08.18"]
[Round "1.18"]
[White "Duszenko, Michal"]
[Black "Ziebinski, Bartosz"]
[Result "1-0"]
[WhiteElo "1785"]
[BlackElo "2045"]
[PlyCount "67"]
[EventDate "2009.??.??"]

1. e4 c5 2. d4 cxd4 3. c3 g6 4. cxd4 d5 5. e5 Nc6 6. Nc3 Nh6 7. Be2 Nf5 8. Nf3
h5 9. Bg5 Bg7 10. O-O O-O 11. Rc1 Kh8 12. Na4 f6 13. exf6 exf6 14. Bd2 Ncxd4
15. Nxd4 Nxd4 16. Bd3 f5 17. Re1 Re8 18. Rxe8+ Qxe8 19. Bg5 Bd7 20. Nc5 Bc6 21.
Qd2 Qf7 22. Re1 Re8 23. h4 Ne6 24. Nxe6 Rxe6 25. Rxe6 Qxe6 26. Be3 d4 27. Bg5
Qxa2 28. Qf4 Qa1+ 29. Kh2 Qxb2 30. Qb8+ Kh7 31. Bc4 Be5+ 32. Qxe5 Qb4 33. Qc7+
Kh8 34. Bf6# 1-0

[Event "45 MFSz im. A.Rubinsteina - B"]
[Site "Polanica Zdroj"]
[Date "2009.08.18"]
[Round "1.19"]
[White "Golek, Jagoda"]
[Black "Ulanowski, Karol"]
[Result "1-0"]
[WhiteElo "2040"]
[BlackElo "1777"]
[PlyCount "59"]
[EventDate "2009.??.??"]

1. e4 e5 2. Nf3 Nc6 3. Bc4 Bc5 4. O-O Nf6 5. d4 Bxd4 6. Nxd4 Nxd4 7. f4 d6 8.
c3 Bg4 9. Qa4+ Nc6 10. f5 a6 11. Qc2 h5 12. h3 Qe7 13. Bg5 O-O-O 14. b4 Qd7 15.
hxg4 hxg4 16. Be2 Rdg8 17. Nd2 Qe8 18. Kf2 Rh5 19. Bxf6 gxf6 20. Rh1 g3+ 21.
Ke3 Rh2 22. Bf3 Qf8 23. Ke2 Qh6 24. Rhg1 Ne7 25. Qd3 c6 26. Nf1 Rh4 27. Rd1 Rd8
28. Qe3 Qg7 29. c4 Kb8 30. Qb6 {i biale zrealizowaly przewage.} 1-0

[Event "45 MFSz im. A.Rubinsteina - B"]
[Site "Polanica Zdroj"]
[Date "2009.08.18"]
[Round "1.20"]
[White "Wozniak, Bartosz"]
[Black "Goluch, Piotr"]
[Result "0-1"]
[WhiteElo "1770"]
[BlackElo "2040"]
[PlyCount "68"]
[EventDate "2009.??.??"]

1. e4 c6 2. d4 d5 3. exd5 cxd5 4. c4 Nf6 5. Nc3 g6 6. Qb3 Bg7 7. cxd5 O-O 8.
Be2 b6 9. Bf3 Bb7 10. Nge2 Na6 11. O-O Qd7 12. Bg5 Rad8 13. Bxf6 Bxf6 14. Rfd1
Nc7 15. d6 Bxf3 16. dxc7 Qg4 17. Ng3 Bxd1 18. Rxd1 Rxd4 19. Re1 Rd3 20. h3 Qd7
21. Nge4 Bxc3 22. Nxc3 Qxc7 23. Qb5 Qd6 24. Qg5 f6 25. Qh4 e5 26. Ne4 Qc6 27.
Qh6 Rfd8 28. Kh2 R3d7 29. h4 f5 30. Ng3 Rd2 31. Nh5 Qc7 32. Qg5 e4+ 33. Kh3
R8d3+ 34. g3 Qd8 0-1

[Event "45 MFSz im. A.Rubinsteina - B"]
[Site "Polanica Zdroj"]
[Date "2009.08.18"]
[Round "1.21"]
[White "Solnicki, Michal"]
[Black "Reichert, Jakub"]
[Result "1-0"]
[WhiteElo "2031"]
[BlackElo "1760"]
[PlyCount "53"]
[EventDate "2009.??.??"]

1. d4 d5 2. c4 e6 3. Nc3 Nf6 4. cxd5 exd5 5. Bg5 Nbd7 6. e3 c6 7. Bd3 Bd6 8.
Nf3 Qc7 9. O-O Ng4 10. Bf4 Bxf4 11. exf4 Qxf4 12. Re1+ Kf8 13. Qe2 g6 14. Qe7+
Kg7 15. Qh4 Ndf6 16. h3 h5 17. hxg4 hxg4 18. Qg5 Qxg5 19. Nxg5 Rh5 20. f4 Bf5
21. Bxf5 gxf5 22. Ne2 Kg6 23. Ng3 Rh4 24. Re7 Rah8 25. Rae1 Nh5 26. Nxh5 R8xh5
27. Kf2 1-0

[Event "45 MFSz im. A.Rubinsteina - B"]
[Site "Polanica Zdroj"]
[Date "2009.08.18"]
[Round "1.22"]
[White "Eggink, Mateusz"]
[Black "Dzieczkaniec, Piotr"]
[Result "0-1"]
[WhiteElo "1756"]
[BlackElo "2031"]
[PlyCount "60"]
[EventDate "2009.??.??"]

1. e4 c5 2. Nf3 Nc6 3. d4 cxd4 4. Nxd4 Nf6 5. Nc3 e5 6. Ndb5 d6 7. Bg5 a6 8.
Na3 b5 9. Nd5 Qa5+ 10. Bd2 Qd8 11. Be3 Nxe4 12. Bb6 Qh4 13. Nc7+ Kd7 14. Nxa8
Bb7 15. Qf3 Ng5 16. Qf5+ Ne6 17. O-O-O Bxa8 18. g3 Qg5+ 19. Qxg5 Nxg5 20. Bg2
Be7 21. c3 f5 22. Be3 Ne6 23. Rhe1 e4 24. Nc2 Ne5 25. Nb4 a5 26. Nd5 Bxd5 27.
Rxd5 Nc7 28. Rd4 Nd3+ 29. Rxd3 exd3 30. Kd2 Bf6 {
Po dlugiej grze czarne wygraly.} 0-1

[Event "45 MFSz im. A.Rubinsteina - B"]
[Site "Polanica Zdroj"]
[Date "2009.08.18"]
[Round "1.23"]
[White "Mondrzycki, Bartlomiej"]
[Black "Szusterowski, Przemyslaw"]
[Result "1-0"]
[WhiteElo "2021"]
[BlackElo "1750"]
[PlyCount "79"]
[EventDate "2009.??.??"]

1. e4 c5 2. Nf3 Nc6 3. d4 cxd4 4. Nxd4 Nf6 5. Nc3 e6 6. Ndb5 Bb4 7. Bf4 e5 8.
Bg5 O-O 9. a3 Be7 10. Bxf6 Bxf6 11. Nd5 Bg5 12. Bc4 a6 13. Nd6 Ne7 14. h4 Bh6
15. Qh5 Nxd5 16. Bxd5 Qf6 17. Rd1 a5 18. Rh3 Bf4 19. Rf3 g6 20. Qg4 Kg7 21.
Nxc8 Raxc8 22. g3 h5 23. Qxd7 Rxc2 24. gxf4 exf4 25. Bb3 Rxb2 26. Qd4 Qxd4 27.
Rxd4 Re8 28. Bd5 Kf6 29. Rd2 Rb5 30. Rxf4+ Ke5 31. Rxf7 Rb1+ 32. Ke2 Ra1 33.
f4+ Kd6 34. e5+ Kc5 35. Rc7+ Kb6 36. Rxb7+ Kc5 37. Rc7+ Kb6 38. Rc6+ Kb5 39.
Rb2+ Ka4 40. Rc3 1-0

[Event "45 MFSz im. A.Rubinsteina - B"]
[Site "Polanica Zdroj"]
[Date "2009.08.18"]
[Round "1.24"]
[White "Kowalczyk, Adam"]
[Black "Dowgird, Filip"]
[Result "0-1"]
[WhiteElo "1745"]
[BlackElo "2011"]
[PlyCount "86"]
[EventDate "2009.??.??"]

1. e4 e6 2. d4 d5 3. Nd2 Nf6 4. e5 Nfd7 5. Bd3 b6 6. f4 Ba6 7. Bxa6 Nxa6 8.
Ndf3 c6 9. Ne2 Nc7 10. O-O g6 11. Re1 h5 12. Be3 Be7 13. Ng5 Bxg5 14. fxg5 Qe7
15. h4 O-O-O 16. b4 Kb7 17. a4 Ra8 18. Bd2 Ne8 19. Qb1 Ng7 20. Rc1 Nf5 21. g3
Rhc8 22. a5 Rc7 23. c4 dxc4 24. Rxc4 b5 25. Rc2 Rd8 26. Qc1 Nb8 27. Bc3 Qd7 28.
Kf2 Na6 29. Rd2 Qd5 30. Qh1 Qc4 31. Rb1 Rcd7 32. Qe4 Nc7 33. Rc2 Qd5 34. Qxd5
Nxd5 35. Ba1 Nde3 36. Rcc1 a6 37. Bb2 Nc4 38. Bc3 Rd5 39. Rd1 Nxe5 40. Rf1 Ng4+
41. Kg1 R5d7 42. Rfc1 Re8 43. Ba1 e5 0-1

[Event "45 MFSz im. A.Rubinsteina - B"]
[Site "Polanica Zdroj"]
[Date "2009.08.18"]
[Round "1.26"]
[White "Zajaczkowski, Gwidon"]
[Black "Spyra, Wojciech"]
[Result "0-1"]
[WhiteElo "1739"]
[BlackElo "2000"]
[PlyCount "28"]
[EventDate "2009.??.??"]

1. f4 d5 2. Nf3 Nf6 3. d4 g6 4. e3 Bg7 5. Bd3 Nbd7 6. O-O c5 7. c3 O-O 8. Nbd2
b6 9. Ne5 Bb7 10. Ndf3 Ne4 11. Bxe4 dxe4 12. Ng5 h6 13. Nh3 Kh7 14. Nxd7 Qxd7 {
dalsze zapisy nieczytelne.} 0-1

[Event "45 MFSz im. A.Rubinsteina - B"]
[Site "Polanica Zdroj"]
[Date "2009.08.18"]
[Round "1.27"]
[White "Wolski, Jerzy"]
[Black "Szczurek, Natalia"]
[Result "1/2-1/2"]
[WhiteElo "1993"]
[BlackElo "1738"]
[PlyCount "23"]
[EventDate "2009.??.??"]

1. c4 e5 2. Nc3 Nf6 3. g3 d5 4. cxd5 Nxd5 5. Bg2 Nb6 6. Nf3 Nc6 7. O-O Be7 8.
d3 Be6 9. Be3 Qd7 10. Ng5 Bxg5 11. Bxg5 f6 12. Be3 1/2-1/2

[Event "45 MFSz im. A.Rubinsteina - B"]
[Site "Polanica Zdroj"]
[Date "2009.08.18"]
[Round "1.28"]
[White "Jankowski, Aleksander"]
[Black "Jurkowski, Marcin"]
[Result "0-1"]
[WhiteElo "1737"]
[BlackElo "1984"]
[PlyCount "66"]
[EventDate "2009.??.??"]

1. e4 c5 2. Nc3 d6 3. f4 Nc6 4. Nf3 g6 5. Bc4 Bg7 6. d3 Nf6 7. O-O O-O 8. Qe1
Nd7 9. Qg3 Nd4 10. Nxd4 cxd4 11. Ne2 Rb8 12. f5 Ne5 13. Bb3 b5 14. Nxd4 Qb6 15.
Be3 Ng4 16. Qxg4 Bxd4 17. Bxd4 Qxd4+ 18. Kh1 Qxb2 19. Qg5 Qe5 20. Rae1 Rb7 21.
d4 Qxd4 22. fxg6 hxg6 23. Rxf7 Rxf7 24. Qxg6+ Qg7 25. Bxf7+ Kf8 26. Qxg7+ Kxg7
27. Bb3 Rc7 28. a4 Bd7 29. axb5 Bxb5 30. Kg1 a5 31. Ra1 a4 32. c4 axb3 33. cxb5
b2 0-1

[Event "45 MFSz im. A.Rubinsteina - B"]
[Site "Polanica Zdroj"]
[Date "2009.08.18"]
[Round "1.29"]
[White "Bes, Michal"]
[Black "Dadello, Aleksandra"]
[Result "1-0"]
[WhiteElo "1983"]
[BlackElo "1731"]
[PlyCount "57"]
[EventDate "2009.??.??"]

1. e4 e5 2. d4 exd4 3. Nf3 d5 4. Qxd4 dxe4 5. Qxd8+ Kxd8 6. Ng5 Nh6 7. Nc3 Bb4
8. Bd2 f6 9. O-O-O Bxc3 10. Bxc3+ Ke8 11. Nxe4 Bf5 12. Bb5+ Kf7 13. Bc4+ Kg6
14. Nc5 b6 15. Ne6 Bxe6 16. Bxe6 Nf7 17. h4 h5 18. Bd5 c6 19. Be4+ f5 20. Bf3
Re8 21. Rhe1 Rxe1 22. Rxe1 Nd8 23. Re7 Nf7 24. Re8 Kh6 25. Bxc6 Nxc6 26. Rxa8
Kh7 27. Rc8 Nce5 28. Rc7 Kg6 29. Rxa7 {biale zrealizowaly przewage.} 1-0

[Event "45 MFSz im. A.Rubinsteina - B"]
[Site "Polanica Zdroj"]
[Date "2009.08.18"]
[Round "1.31"]
[White "Wasik, Piotr"]
[Black "Chmielewska, Joanna"]
[Result "1-0"]
[WhiteElo "1976"]
[BlackElo "1713"]
[PlyCount "69"]
[EventDate "2009.??.??"]

1. e4 e6 2. d4 d5 3. Nd2 Be7 4. c3 dxe4 5. Nxe4 Nd7 6. Nf3 Ngf6 7. Bd3 Nxe4 8.
Bxe4 Nf6 9. Bc2 O-O 10. Bg5 b6 11. Qd3 g6 12. h4 Bb7 13. Bxf6 Bxf6 14. h5 Qe7
15. Qe3 e5 16. hxg6 fxg6 17. Bb3+ Kh8 18. Nxe5 Bxe5 19. dxe5 Bxg2 20. Rg1 Rf5
21. f4 Bc6 22. O-O-O Raf8 23. Rg4 Rd8 24. Rxd8+ Qxd8 25. e6 Qe7 26. Rg1 a5 27.
a3 Kg7 28. Rg5 Rf8 29. Qe5+ Kg8 30. Rg1 Rf6 31. Rd1 Rf5 32. Qd4 Rf8 33. Qe3 Kg7
34. Qe5+ Kg8 35. Rd7 1-0

[Event "45 MFSz im. A.Rubinsteina - B"]
[Site "Polanica Zdroj"]
[Date "2009.08.18"]
[Round "1.32"]
[White "Grochocinska, Urszula"]
[Black "Szusterowski, Radoslaw"]
[Result "0-1"]
[WhiteElo "1711"]
[BlackElo "1969"]
[PlyCount "80"]
[EventDate "2009.??.??"]

1. e4 e6 2. d4 d5 3. e5 c5 4. Qg4 cxd4 5. Bd3 Nc6 6. Nf3 Qa5+ 7. Nbd2 Nh6 8.
Qg3 Nf5 9. Bxf5 exf5 10. O-O Be6 11. Nb3 Qb6 12. Rd1 Bc5 13. Nxc5 Qxc5 14. Rd2
O-O 15. Re2 Rfc8 16. Bh6 Qf8 17. a3 Kh8 18. Bf4 b5 19. Rd1 Qc5 20. Ng5 Kg8 21.
Rd3 Ne7 22. Qh4 h6 23. Nxe6 fxe6 24. Rg3 Kf8 25. Rxg7 Kxg7 26. Qf6+ Kh7 27.
Qf7+ Kh8 28. Bxh6 Rg8 29. Qf6+ Kh7 30. Bd2 Rg7 31. Qh6+ Kg8 32. Qxe6+ Rf7 33.
Bb4 Qc6 34. Bd6 Kg7 35. g4 Qc8 36. gxf5 Nxf5 37. Qxc8 Rxc8 38. Bb4 Rfc7 39. c3
Re8 40. e6 Nh4 0-1

[Event "45 MFSz im. A.Rubinsteina - B"]
[Site "Polanica Zdroj"]
[Date "2009.08.18"]
[Round "1.33"]
[White "Wielosz, Jaroslaw"]
[Black "Klimek, Marcin"]
[Result "1-0"]
[WhiteElo "1963"]
[BlackElo "1701"]
[PlyCount "111"]
[EventDate "2009.??.??"]

1. d4 Nf6 2. c4 g6 3. Nc3 Bg7 4. e4 d6 5. Nf3 O-O 6. Be2 e5 7. O-O Nc6 8. d5
Ne7 9. b4 Ne8 10. a4 f5 11. Ng5 f4 12. Bg4 Nf5 13. Bxf5 Qxg5 14. Bxc8 Rxc8 15.
a5 Qh4 16. f3 a6 17. b5 g5 18. Ba3 Rf6 19. bxa6 bxa6 20. Rb1 Rh6 21. h3 g4 22.
fxg4 Nf6 23. Qf3 Rg6 24. Rb7 h5 25. Qf2 Qg5 26. gxh5 Qxh5 27. Qf3 Qh4 28. Ne2
Nh5 29. Rfb1 Ng3 30. Nc3 Nh5 31. Rb8 Rxb8 32. Rxb8+ Kh7 33. Ne2 Ng3 34. Rb3 Nh5
35. Bb4 Bh6 36. Bd2 Nf6 37. Rb7 Rg7 38. Ra7 Nh5 39. Rxa6 Ng3 40. Nc1 Nh5 41.
Rc6 Rg3 42. Be1 Rxf3 43. Bxh4 Ra3 44. Ne2 Rxa5 45. Rxc7+ Ng7 46. Kf2 Kg8 47.
Rc6 Ne8 48. Be7 Bf8 49. Bxf8 Kxf8 50. g3 fxg3+ 51. Nxg3 Rc5 52. Nf5 Rxc6 53.
dxc6 Kf7 54. h4 Kg6 55. Kg3 Kh5 56. Ng7+ 1-0

[Event "45 MFSz im. A.Rubinsteina - B"]
[Site "Polanica Zdroj"]
[Date "2009.08.18"]
[Round "1.34"]
[White "Zysko, Teresa"]
[Black "Skrzypczak, Anna"]
[Result "0-1"]
[WhiteElo "1699"]
[BlackElo "1959"]
[PlyCount "58"]
[EventDate "2009.??.??"]

1. e4 c5 2. Nf3 d6 3. d4 cxd4 4. Nxd4 Nf6 5. Nc3 a6 6. Bg5 e6 7. f4 Be7 8. Qf3
Qc7 9. O-O-O Nbd7 10. Kb1 O-O 11. h4 b5 12. Bxf6 Nxf6 13. Bd3 b4 14. Nce2 a5
15. g4 a4 16. g5 Nd7 17. h5 Nc5 18. g6 h6 19. gxf7+ Rxf7 20. f5 Nxd3 21. Qxd3
exf5 22. exf5 Qc5 23. Ng3 Ba6 24. Qf3 Rc8 25. Ne4 Qc7 26. f6 d5 27. Qg4 Bxf6
28. Nxf6+ Rxf6 29. Rh2 Qxh2 0-1

[Event "45 MFSz im. A.Rubinsteina - B"]
[Site "Polanica Zdroj"]
[Date "2009.08.18"]
[Round "1.35"]
[White "Galyga, Jozef"]
[Black "Siedlanowski, Lukasz"]
[Result "1/2-1/2"]
[WhiteElo "1956"]
[BlackElo "1688"]
[PlyCount "70"]
[EventDate "2009.??.??"]

1. e4 c6 2. d3 d5 3. Nd2 e5 4. Ngf3 Bd6 5. Be2 Nf6 6. O-O O-O 7. h3 Nbd7 8. c3
Re8 9. Re1 Qb6 10. Qb3 Qxb3 11. axb3 dxe4 12. dxe4 Nc5 13. Bf1 b5 14. b4 Nb7
15. Nb3 Bc7 16. Bg5 Be6 17. Na5 Nxa5 18. bxa5 Nd7 19. b4 f6 20. Be3 Bd6 21.
Red1 Be7 22. Be2 a6 23. Nh4 g6 24. Bg4 Bxg4 25. hxg4 Red8 26. Nf3 c5 27. bxc5
Nxc5 28. Bxc5 Bxc5 29. g5 Kf7 30. gxf6 Kxf6 31. Ne1 Bd6 32. Nd3 Rac8 33. Nb4
Bxb4 34. cxb4 Rd4 35. Rxd4 exd4 1/2-1/2

[Event "45 MFSz im. A.Rubinsteina - B"]
[Site "Polanica Zdroj"]
[Date "2009.08.18"]
[Round "1.36"]
[White "Oszczanowski, Witold"]
[Black "Nowicki, Bartosz"]
[Result "0-1"]
[WhiteElo "1679"]
[BlackElo "1944"]
[PlyCount "70"]
[EventDate "2009.??.??"]

1. e4 c5 2. Nf3 d6 3. d4 cxd4 4. Nxd4 Nf6 5. Nc3 a6 6. Be3 e5 7. Nb3 Be6 8. Be2
Be7 9. O-O O-O 10. f4 Qc7 11. Kh1 Nbd7 12. f5 Bc4 13. Bxc4 Qxc4 14. Qf3 b5 15.
a3 Rfc8 16. g4 Ne8 17. g5 Bf8 18. Qh3 f6 19. Nd2 Qc6 20. Rg1 a5 21. Rac1 fxg5
22. Bxg5 Ndf6 23. Qh4 Kh8 24. Rg3 b4 25. Ne2 d5 26. Rcg1 dxe4 27. Rh3 Qd5 28.
Bxf6 Nxf6 29. Rg6 Ra7 30. Rxf6 gxf6 31. Qxf6+ Rg7 32. Qh6 e3+ 33. Nf3 Qd1+ 34.
Neg1 Rxg1+ 35. Nxg1 Bxh6 0-1

[Event "45 MFSz im. A.Rubinsteina - B"]
[Site "Polanica Zdroj"]
[Date "2009.08.18"]
[Round "1.37"]
[White "Jagiela, Piotr"]
[Black "Szymczak, Paula"]
[Result "1-0"]
[WhiteElo "1939"]
[BlackElo "1674"]
[PlyCount "55"]
[EventDate "2009.??.??"]

1. c4 e5 2. Nc3 Nc6 3. g3 Nf6 4. Bg2 Bb4 5. e3 Bxc3 6. bxc3 d6 7. d4 e4 8. Ne2
Bf5 9. h3 Qd7 10. g4 Bg6 11. Ng3 d5 12. g5 Ng8 13. cxd5 Qxd5 14. h4 h5 15. Qb3
Qxb3 16. axb3 f5 17. Ba3 O-O-O 18. Bh3 Nge7 19. Bxe7 Nxe7 20. Nxe4 Kb8 21. Nc5
Nd5 22. Kd2 Rhe8 23. c4 Nb4 24. Kc3 Nc6 25. Bg2 Rd6 26. Nd3 Re7 27. Bf3 b6 28.
Ra6 {dalsze zapisy nieczytelne.} 1-0

[Event "45 MFSz im. A.Rubinsteina - B"]
[Site "Polanica Zdroj"]
[Date "2009.08.18"]
[Round "1.39"]
[White "Gola, Karolina"]
[Black "Ziemba, Artur"]
[Result "1-0"]
[WhiteElo "1908"]
[BlackElo "1638"]
[PlyCount "75"]
[EventDate "2009.??.??"]

1. e4 e6 2. d4 d5 3. exd5 exd5 4. Bd3 Bd6 5. Qf3 c6 6. Ne2 Ne7 7. c3 Nd7 8. Bf4
Bxf4 9. Nxf4 Nf6 10. h3 O-O 11. O-O Qc7 12. Nd2 Ng6 13. Nh5 Nxh5 14. Qxh5 Qd6
15. Nf3 h6 16. Bxg6 Qxg6 17. Qxg6 fxg6 18. Ne5 Kh7 19. Rae1 g5 20. Re3 Bf5 21.
Rfe1 Rae8 22. g4 Be6 23. Nxc6 bxc6 24. Rxe6 Rb8 25. R1e2 Rb6 26. Re7 a6 27. Kg2
Rfb8 28. b3 Rc8 29. Rd7 a5 30. Ree7 Rg8 31. Ra7 Rb5 32. Rec7 Rb6 33. Rxa5 h5
34. Raa7 hxg4 35. hxg4 c5 36. Rxc5 Rf6 37. Rxd5 Rgf8 38. Rf5 1-0

[Event "45 MFSz im. A.Rubinsteina - B"]
[Site "Polanica Zdroj"]
[Date "2009.08.18"]
[Round "1.40"]
[White "Kustal, Emilia"]
[Black "Graczyk, Konrad"]
[Result "0-1"]
[WhiteElo "1603"]
[BlackElo "1907"]
[PlyCount "50"]
[EventDate "2009.??.??"]

1. e4 e6 2. d4 d5 3. exd5 exd5 4. Bd3 Nc6 5. Ne2 Bd6 6. Nbc3 Nge7 7. Be3 a6 8.
Qd2 Nb4 9. Bf4 Nxd3+ 10. Qxd3 Bf5 11. Qd2 O-O 12. f3 Re8 13. O-O-O b5 14. g4
Be6 15. h4 c5 16. dxc5 Bxc5 17. g5 Qa5 18. a3 b4 19. Nb1 Nc6 20. axb4 Nxb4 21.
b3 Qa1 22. Nec3 d4 23. Rdg1 dxc3 24. Qg2 Rad8 25. g6 Na2# 0-1